000 00920nam a2200241 a 4500
001 000023431
005 20200930022220.0
008 101207s1970 ag r 000 0 spa d
020 _a9506942102
040 _aDO-SdBNP
_bspa
_cBNPHU
082 _a320.973
_bK29p
100 1 _aKelman, Steven
_948282
245 1 3 _aLa política pública en el Estado moderno /
_cSteven Kelman ; traducción Cristina Piña.
260 _aBuenos Aires, Argentina :
_bGrupo Editorial Latinoamericano,
_c1970.
300 _a286 p. ;
_c23 cm.
490 1 _aEstudios políticos y sociales ;
_v212.323
504 _aIncluye referencias bibliográficas y notas al pie de las páginas.
534 _aMaking public policy. a hopeful view of American Government
650 4 _aPolítica pública
_zEstados Unidos
_948283
700 1 _aPiña, Cristina,
_etr.
_947086
830 0 _aEstudios políticos y sociales ;
_n212.323
_948284
049 _aBNGR
999 _c22928
_d22928